00358nam a22001337a 4500003000400000005001700004008004100021020001800062040002100080100003900101245004400140260003200184300000800216OSt20260307101000.0260307b |||||||| |||| 00| 0 eng d a9788173719547 cIIMT University  aArshdeep Bahga and Vijay Madisetti aInternet of Things: A Hands-on Approach aNew DelhibUniversity Press a520